00800nam a2200169 a 450000100100000000500170001000800410002704000250006810000250009324500440011826000770016230000200023904900090025995201810026895201640044999900170061300003327720200930070138.0110823s1949 dr 000 0 spa d aDO-SdBNPbspacBNPHU1 aCoiscou Weber95888610aPresencia del ángel /cWeber Coiscou. aCiudad Trujillo, República Dominicana :bLibrería Dominicana,c1949. a27 p. ;c16 cm. aBNPD 00107-18PDaPDbPDcOId2011-08-23iLF1l0o p33277-20r2020-06-25w2020-06-25yLFPDzPerteneció a la biblioteca personal de Federico Henríquez y Carvajal.ZNo se presta 001050718RVaPDbPDcCTd2011-08-23iLF1l0o p33277-10r2020-06-25w2020-06-25y1zPerteneció a la biblioteca personal de Martínez BoogZNo se presta c32768d32768